|
|
|
|
| LEADER |
00747cam a2200157 7i4500 |
| 001 |
0000026959 |
| 005 |
20111004090000.0 |
| 090 |
0 |
0 |
|a SAUD 910.25538
|b KIN
|
| 245 |
0 |
0 |
|a Kingdom of Saudi Arabia :
|b yellow pages directory Eastern Region
|c [Dammam-Al Ahsa-Al Jubai] :
|b yellow pages directory Eastern Region :
|b [1431/1432-2010/2011].
|
| 260 |
0 |
0 |
|a [S.l]:
|b Al Wahda Express Saudi,
|c 2011.
|
| 300 |
# |
# |
|a 288p.
|
| 650 |
0 |
0 |
|a Business enterprises --
|x Telephone directories --
|z Eastern Region, Saudi Arabia
|
| 650 |
0 |
0 |
|a Eastern Region, Saudi Arabia --
|x Telephone directories
|
| 650 |
0 |
0 |
|a Eastern Region, Saudi Arabia --
|x Telephone directories --
|x Yellow pages
|
| 651 |
0 |
0 |
|a Saudi Arabia
|
| 999 |
|
|
|a 0000029125
|b Directories
|c Countries
|e Business Information Centre
|